000 01045nam a2200241Ia 4500
001 282.082 092-AGA do ch (2401)
003 IT-MiSPE
008 171229s9999||||xx |||||||||||||| ||und||
040 _aIT-MiSPE
_cIT-MiSPE
041 _aITALIANO
100 _aDomenico Agasso
245 0 _aLe chiavi pesanti
_bPaolo VI
250 _a1a ed. (v)
260 _aMilano
_bLibr. della Famiglia
_c1979
300 _a311 p.
_c24 cm
500 _aPaolo VI, papa
501 _aEdizioni San Paolo srl - Piazza Soncino, 5 - 20092 CINISELLO BALSAMO (MI) (non commercial uses only) ® Copyright 2018
520 _aPepi Merisio (foto). Tav.
700 _aPepi Merisio
942 _cBK
957 _71
999 _a16343
_bNO
_g Copie: 1
_c348852
_d348852